[Event "X Open Primavera"]
[Site "Robecchetto con Induno ITA"]
[Date "2013.04.04"]
[Round "1"]
[White "Libutti, Michele"]
[Black "Sigismondi, Piero"]
[WhiteElo "1717"]
[BlackElo "1464"]
[Result "1/2-1/2"]
[PlyCount "136"]
[EventDate "2013.04.04"]

1. d4 d5 2. c4 c6 3. Nf3 Bf5 4. Nc3 e6 5. e3 Nd7 6. Bd3 Bg4 7. O-O Bd6 8. e4
dxe4 9. Nxe4 Bc7 10. Re1 Ngf6 11. Bg5 h6 12. Bh4 g5 13. Bg3 Nxe4 14. Bxe4 Bxg3
15. hxg3 Qc7 16. d5 cxd5 17. cxd5 O-O 18. Rc1 Qb6 19. Qd2 Rfd8 20. Nxg5 exd5
21. Bb1 Qf6 22. Qd3 Bf5 23. Qxf5 Qxf5 24. Bxf5 hxg5 25. Rc7 Nf6 26. Rxb7 a6 27.
f4 gxf4 28. gxf4 Rd6 29. g4 d4 30. g5 Nh5 31. Ree7 d3 32. Red7 Rxd7 33. Rxd7
Nxf4 34. Bxd3 Nh3+ 35. Kg2 Nxg5 36. Rd6 Rb8 37. b3 Ra8 38. Rxa6 Rxa6 39. Bxa6
Kf8 40. a4 Ke7 41. Kg3 Ne4+ 42. Kf4 Nc5 43. Bc4 Kd6 44. Bxf7 Kc6 45. Ke5 Kb6
46. Kd4 Na6 47. Kc4 Ka5 48. Be8 Nb4 49. Bd7 Na2 50. Be8 Nb4 51. Bg6 Nc6 52. Kc3
Nb4 53. Bb1 Na6 54. Bd3 Nb4 55. Kd4 Na2 56. Bc4 Nb4 57. Kc3 Na2+ 58. Kb2 Nb4
59. Ka3 Nc2+ 60. Kb2 Nb4 61. Kc3 Na2+ 62. Kd4 Kb4 63. Kd3 Ka5 64. Bb5 Nb4+ 65.
Kc4 Na2 66. b4+ Nxb4 67. Kb3 Nd5 68. Kc4 Nb6+ 1/2-1/2

[Event "X Open Primavera"]
[Site "Robecchetto con Induno ITA"]
[Date "2013.04.04"]
[Round "1"]
[White "Loaldi, Davide"]
[Black "Troiani, Mauro"]
[WhiteElo "1560"]
[BlackElo "2005"]
[Result "1-0"]
[PlyCount "63"]
[EventDate "2013.04.04"]

1. d4 d5 2. Nf3 Nf6 3. e3 c6 4. Bd3 Bg4 5. Nbd2 e6 6. O-O Nbd7 7. e4 dxe4 8.
Nxe4 Nxe4 9. Bxe4 Nf6 10. Bd3 Bxf3 11. Qxf3 Qxd4 12. c3 Qd5 13. Bf4 Qxf3 14.
gxf3 Nd5 15. Bg3 Be7 16. Rad1 O-O 17. Rfe1 Rad8 18. a4 a6 19. h3 Bf6 20. Kg2 g6
21. Be4 Nb6 22. Rxd8 Bxd8 23. Bd6 Re8 24. b3 f5 25. Bc2 Kf7 26. Rd1 Be7 27. c4
Bxd6 28. Rxd6 Re7 29. a5 Rd7 30. c5 Rxd6 31. cxd6 Nc8 32. d7 1-0

[Event "X Open Primavera"]
[Site "Robecchetto con Induno ITA"]
[Date "2013.04.04"]
[Round "1"]
[White "Moroni, Luca"]
[Black "Marchesotti, Giovanni"]
[WhiteElo "1859"]
[BlackElo "1540"]
[Result "1-0"]
[PlyCount "101"]
[EventDate "2013.04.04"]

1. Nf3 c5 2. e3 Nc6 3. d4 e6 4. c3 d5 5. Bd3 Nf6 6. Nbd2 cxd4 7. exd4 Be7 8. a4
a5 9. O-O O-O 10. Re1 b6 11. Nf1 Qc7 12. Ng3 h6 13. Bd2 Re8 14. Qe2 Bd6 15. Ne5
Bb7 16. Rac1 Qe7 17. f4 Qf8 18. Qf3 Rec8 19. f5 Nxe5 20. dxe5 Bc5+ 21. Kh1 Ne4
22. Nxe4 dxe4 23. Bxe4 Bxe4 24. Qxe4 exf5 25. Qxf5 Re8 26. Qg4 Re6 27. Bf4 Rae8
28. Rf1 f6 29. Bxh6 Rxe5 30. Qc4+ Qf7 31. Qxf7+ Kxf7 32. Bf4 Re2 33. Rb1 Rf2
34. Rxf2 Bxf2 35. Bc7 Re7 36. Bg3 Bxg3 37. hxg3 Re4 38. Rd1 Ke7 39. Rd5 Re5 40.
Rxe5+ fxe5 41. Kg1 Kd6 42. Kf2 Kd5 43. b3 g5 44. Ke3 g4 45. Kd3 Kc5 46. Ke4 b5
47. axb5 Kxb5 48. Kxe5 Kc5 49. Kf4 Kd5 50. Kxg4 Ke4 51. c4 1-0

[Event "X Open Primavera"]
[Site "Robecchetto con Induno ITA"]
[Date "2013.04.04"]
[Round "1"]
[White "Nava, Mario"]
[Black "Ruggeri, Igor"]
[WhiteElo "1265"]
[BlackElo "1578"]
[Result "0-1"]
[PlyCount "88"]
[EventDate "2013.04.04"]

1. Nf3 Nf6 2. c4 e6 3. Nc3 Be7 4. e4 Nc6 5. Be2 d5 6. exd5 exd5 7. cxd5 Nxd5 8.
O-O O-O 9. d4 Bf5 10. Nxd5 Qxd5 11. Bd3 Bg4 12. Be2 Rad8 13. Be3 Bf6 14. Rc1
Qxa2 15. Qc2 Be6 16. Bd3 h6 17. Qd2 Bg4 18. h3 Bxf3 19. gxf3 Nxd4 20. Bxd4 Bxd4
21. Bb1 Qe6 22. Qc2 g6 23. Qxc7 Be5 24. Rfe1 Bxc7 25. Rxe6 fxe6 26. Bxg6 Bf4
27. Rc2 Rd2 28. Rc4 Rxb2 29. Be4 Kh8 30. Bc2 Bd6 31. Kf1 Rxf3 32. Kg2 Rf7 33.
Rc8+ Kg7 34. Rc4 Kf6 35. Kf3 Rc7 36. Rxc7 Bxc7 37. Be4 b5 38. Kg2 Bb6 39. Kg3
Bxf2+ 40. Kg4 a5 41. Kh5 Be3 42. h4 a4 43. Kg4 a3 44. Kf3 Bd2 0-1

[Event "X Open Primavera"]
[Site "Robecchetto con Induno ITA"]
[Date "2013.04.04"]
[Round "1"]
[White "Pogliano, Stefano"]
[Black "Giusti, Francesco"]
[WhiteElo "1988"]
[BlackElo "1559"]
[Result "1-0"]
[PlyCount "119"]
[EventDate "2013.04.04"]

1. e4 e5 2. Nf3 Nc6 3. Bb5 Nge7 4. d4 exd4 5. Nxd4 Nxd4 6. Qxd4 a6 7. Ba4 b5 8.
Bb3 d6 9. c3 c5 10. Qe3 c4 11. Bc2 Ng6 12. O-O Be7 13. Nd2 O-O 14. Nf3 h6 15.
Rd1 Bg4 16. h3 Bg5 17. Qe2 Bxf3 18. Qxf3 Ne5 19. Qe2 Bxc1 20. Raxc1 f6 21. Rd5
Rc8 22. Rcd1 Rc6 23. f4 Nf7 24. e5 Re8 25. e6 Nh8 26. Qe4 g6 27. Rxb5 d5 28.
Rbxd5 Qb6+ 29. Kh2 Rcxe6 30. Qxc4 Kg7 31. Rd7+ Nf7 32. f5 Qb8+ 33. Kg1 Qb6+ 34.
Kf1 R6e7 35. Rxe7 Rxe7 36. fxg6 Ne5 37. Qb4 Qc7 38. Qd6 Qc4+ 39. Bd3 Qf4+ 40.
Ke2 Nxg6+ 41. Qxe7+ Nxe7 42. Bxa6 Nf5 43. Rd7+ Kg6 44. Bd3 Qe5+ 45. Kd2 Kh5 46.
g4+ Kh4 47. Bxf5 Qh2+ 48. Kc1 Qxh3 49. a4 Qf1+ 50. Kc2 Qf2+ 51. Rd2 Qf4 52. b4
h5 53. Rd4 Qe5 54. b5 Qe2+ 55. Kb3 Kg5 56. Rd5 Qe3 57. gxh5 Kxh5 58. a5 Qa7 59.
b6 Qb7 60. Be4+ 1-0

[Event "X Open Primavera"]
[Site "Robecchetto con Induno ITA"]
[Date "2013.04.04"]
[Round "1"]
[White "Ragoso, Mario"]
[Black "Minore, Antonino"]
[WhiteElo "1650"]
[BlackElo "1286"]
[Result "1-0"]
[PlyCount "55"]
[EventDate "2013.04.04"]

1. d4 c6 2. c4 d5 3. cxd5 cxd5 4. Nf3 Bf5 5. Nc3 e6 6. Bg5 Qb6 7. Qd2 Bb4 8. e3
a6 9. Be2 Nc6 10. O-O h6 11. Bf4 Nge7 12. h3 f6 13. a3 Bxc3 14. Qxc3 g5 15. Bd6
g4 16. Nh4 gxh3 17. Nxf5 Nxf5 18. Bc5 Qc7 19. e4 h2+ 20. Kh1 Nd6 21. Bh5+ Kd7
22. exd5 Ne4 23. dxc6+ Qxc6 24. Qd3 Nxc5 25. dxc5+ Ke7 26. Qg6 Raf8 27. Rad1
Rhg8 28. Qh7+ 1-0

[Event "X Open Primavera"]
[Site "Robecchetto con Induno ITA"]
[Date "2013.04.04"]
[Round "1"]
[White "Redamante, Marzio"]
[Black "Barrera, Pietro"]
[WhiteElo "1545"]
[BlackElo "1902"]
[Result "0-1"]
[PlyCount "76"]
[EventDate "2013.04.04"]

1. c4 g6 2. g3 Bg7 3. Nc3 c6 4. Bg2 Nf6 5. d3 d6 6. Nf3 Bg4 7. Qb3 Qc7 8. O-O
Nbd7 9. Bd2 Nc5 10. Qc2 e5 11. b4 Ne6 12. e3 Qd7 13. Rfc1 O-O 14. Rab1 Rfe8 15.
Be1 Rac8 16. Nd2 Ng5 17. h4 Nh3+ 18. Kh2 h5 19. f3 Be6 20. Nce4 Nxe4 21. Nxe4
b6 22. Nxd6 Qxd6 23. Bxh3 Bxh3 24. Kxh3 Rcd8 25. Rd1 c5 26. bxc5 Qxc5 27. Bf2
Qc6 28. e4 Rd6 29. Kg2 Red8 30. Qd2 Qxc4 31. Rb3 Qe6 32. Rc3 Rc6 33. Rdc1 Rxc3
34. Rxc3 Bf8 35. Rc7 a5 36. Qc2 b5 37. Rc6 Qd7 38. Bc5 Qxc6 0-1

[Event "X Open Primavera"]
[Site "Robecchetto con Induno ITA"]
[Date "2013.04.04"]
[Round "1"]
[White "Rossi, Emanuele"]
[Black "Bianchi, Alberto"]
[WhiteElo "1559"]
[BlackElo "1964"]
[Result "1-0"]
[PlyCount "53"]
[EventDate "2013.04.04"]

1. e4 e5 2. Nf3 Nc6 3. Bc4 Be7 4. Nc3 Nf6 5. d3 O-O 6. Be3 d6 7. Qd2 Na5 8.
O-O-O Nxc4 9. dxc4 Ng4 10. h3 Nxe3 11. Qxe3 Qe8 12. Nd5 Bd8 13. g4 Qa4 14. Kb1
Qxc4 15. g5 c6 16. Nf6+ gxf6 17. gxf6 Bxf6 18. Qh6 Qe6 19. Rdg1+ Bg5 20. Rxg5+
Qg6 21. Rxg6+ fxg6 22. Ng5 Rf4 23. Qxh7+ Kf8 24. Qxg6 Ke7 25. Qg7+ Ke8 26. f3
Bd7 27. Rd1 1-0

[Event "X Open Primavera"]
[Site "Robecchetto con Induno ITA"]
[Date "2013.04.04"]
[Round "1"]
[White "Rossi, Enrico"]
[Black "Ongaro, Andrea"]
[WhiteElo "1486"]
[BlackElo "1719"]
[Result "0-1"]
[PlyCount "54"]
[EventDate "2013.04.04"]

1. e4 c5 2. Nf3 Nc6 3. Bb5 e6 4. d4 cxd4 5. Nxd4 Bb4+ 6. c3 Bc5 7. Be3 Qb6 8.
Qd3 Nge7 9. b4 Bxd4 10. Bxd4 Nxd4 11. cxd4 a6 12. Bc4 Qxb4+ 13. Nd2 b5 14. Bb3
O-O 15. Rb1 Qa5 16. O-O Bb7 17. Rbc1 d5 18. exd5 Bxd5 19. Rfe1 Rac8 20. Rc5
Bxb3 21. axb3 Rxc5 22. dxc5 Rd8 23. b4 Rxd3 24. bxa5 Rxd2 25. Rc1 Nc6 26. Kf1
Kf8 27. Ke1 Rd4 0-1

[Event "X Open Primavera"]
[Site "Robecchetto con Induno ITA"]
[Date "2013.04.04"]
[Round "1"]
[White "Testa, Loris"]
[Black "Puricelli, Roberto"]
[WhiteElo "1926"]
[BlackElo "1551"]
[Result "1-0"]
[PlyCount "75"]
[EventDate "2013.04.04"]

1. Nf3 e6 2. g3 b6 3. Bg2 Bb7 4. O-O Nf6 5. c4 Be7 6. d4 d6 7. Nc3 O-O 8. Qc2
Nbd7 9. e4 c6 10. Rd1 Qc7 11. Bg5 h6 12. Bxf6 Bxf6 13. Rac1 e5 14. d5 c5 15.
Nb5 Qb8 16. Qe2 a6 17. Na3 Qc7 18. Nc2 Be7 19. Ne3 Nf6 20. Nf5 Bc8 21. N3h4 b5
22. cxb5 axb5 23. Qxb5 Rxa2 24. Ra1 Rxa1 25. Rxa1 Bxf5 26. Nxf5 Rd8 27. Ra6 Bf8
28. Qc6 Qd7 29. Bh3 Kh7 30. Kg2 g5 31. Nxh6 Qxc6 32. dxc6 Kxh6 33. c7 Re8 34.
c8=Q Rxc8 35. Bxc8 Nxe4 36. Ra7 f5 37. Bxf5 Nd2 38. Rh7# 1-0

[Event "X Open Primavera"]
[Site "Robecchetto con Induno ITA"]
[Date "2013.04.04"]
[Round "1"]
[White "Trenti, Alessandro"]
[Black "Madaschi, Sergio"]
[WhiteElo "1755"]
[BlackElo "1497"]
[Result "1-0"]
[PlyCount "51"]
[EventDate "2013.04.04"]

1. e4 c5 2. Nf3 Nc6 3. c3 Nf6 4. e5 Nd5 5. Bc4 Nb6 6. Bb3 e6 7. d4 Be7 8. O-O
O-O 9. Be3 c4 10. Bc2 d5 11. b3 cxb3 12. axb3 a5 13. Qd3 g6 14. Nbd2 Bd7 15. h3
f5 16. exf6 Bxf6 17. Rfe1 Qc7 18. Ng5 Bc8 19. Nf1 Qe7 20. Qd2 Bd7 21. Nh2 Qg7
22. Ng4 Be7 23. Nf3 Bd6 24. Bh6 Qf7 25. Bxf8 Rxf8 26. Nh6+ 1-0

[Event "X Open Primavera"]
[Site "Robecchetto con Induno ITA"]
[Date "2013.04.04"]
[Round "1"]
[White "Vada, Riccardo"]
[Black "Colombo, Maurizio"]
[WhiteElo "1512"]
[BlackElo "1769"]
[Result "1/2-1/2"]
[PlyCount "108"]
[EventDate "2013.04.04"]

1. e4 c5 2. Nf3 e6 3. d4 cxd4 4. c3 dxc3 5. Nxc3 Nc6 6. Bc4 a6 7. a3 Be7 8. O-O
d6 9. h3 Nf6 10. Bf4 O-O 11. Qe2 Qc7 12. Rac1 Qb8 13. Rfd1 b5 14. Ba2 Ne5 15.
Nxe5 dxe5 16. Bg3 Bb7 17. f3 Rd8 18. Rxd8+ Bxd8 19. Rd1 Bb6+ 20. Bf2 Qa7 21.
Bxb6 Qxb6+ 22. Qf2 Qxf2+ 23. Kxf2 Kf8 24. g4 Ke7 25. Ke3 h6 26. Rd3 Rd8 27.
Rxd8 Kxd8 28. Nd1 Ke7 29. Nf2 Kd6 30. Kd3 Nd7 31. b4 g6 32. Bb3 Bc6 33. Bc2 Nb6
34. Bb3 f5 35. Kc3 fxe4 36. fxe4 Ke7 37. h4 Nd7 38. Kd3 Kf6 39. Bd1 g5 40. h5
Ke7 41. Bb3 Kd6 42. Ba2 Bb7 43. Bb3 Bc6 44. Ba2 Nf6 45. Bb3 Nd7 46. Ba2 Nb6 47.
Bb3 Ke7 48. Kc3 Nc8 49. Kd3 Nd6 50. Ba2 Nb7 51. Bb3 a5 52. Ba2 axb4 53. axb4
Nd6 54. Bb3 Nc8 1/2-1/2

[Event "X Open Primavera"]
[Site "Robecchetto con Induno ITA"]
[Date "2013.04.04"]
[Round "1"]
[White "Zanin, Armando"]
[Black "Koureas, Panicos"]
[WhiteElo "1673"]
[BlackElo "1421"]
[Result "1/2-1/2"]
[PlyCount "118"]
[EventDate "2013.04.04"]

1. b3 d6 2. Bb2 Nf6 3. d4 c6 4. Nd2 g6 5. Ngf3 Bg4 6. h3 Bf5 7. Nh4 Bd7 8. e4
Bg7 9. Be2 O-O 10. O-O Qc7 11. c4 Re8 12. Nhf3 c5 13. d5 a5 14. Nh2 e5 15. Ng4
Nh5 16. Ne3 Nf4 17. Bg4 Nd3 18. Bc3 Rf8 19. Qc2 Nf4 20. Kh2 Bxg4 21. Nxg4 Nd7
22. Nf3 Qd8 23. Bd2 h5 24. Ne3 Ne2 25. Be1 Nd4 26. Nxd4 cxd4 27. Nd1 Nc5 28.
Nb2 f5 29. exf5 Rxf5 30. Rd1 Qe7 31. Qb1 e4 32. Bxa5 Qe5+ 33. Kh1 d3 34. b4
Qxb2 35. bxc5 Rxa5 36. cxd6 Rf7 37. Qxb2 Bxb2 38. Rfe1 Rf4 39. g3 d2 40. Re2
Rf6 41. Rdxd2 Bc1 42. Rc2 Ba3 43. Rxe4 Bxd6 44. Rb2 Ra7 45. Kg2 Bc5 46. f4 b6
47. h4 Kf7 48. Rbe2 Re7 49. Rxe7+ Bxe7 50. a4 Bc5 51. Ra2 Rd6 52. Kf3 Kf6 53.
g4 Rd8 54. g5+ Kf5 55. Re2 Bd4 56. Rd2 Bc5 57. Rd3 Rd7 58. Rb3 Re7 59. Rc3 Rd7
1/2-1/2

[Event "X Open Primavera"]
[Site "Robecchetto con Induno ITA"]
[Date "2013.04.04"]
[Round "1"]
[White "Zanin, Fabio"]
[Black "Santoruvo, Gianfranco"]
[WhiteElo "1404"]
[BlackElo "1652"]
[Result "1-0"]
[PlyCount "39"]
[EventDate "2013.04.04"]

1. e4 e5 2. Nc3 Nf6 3. f4 d6 4. fxe5 dxe5 5. Nf3 Nc6 6. Bb5 Bc5 7. Nxe5 Qd4 8.
Bxc6+ bxc6 9. Nd3 Nxe4 10. Qe2 Kd8 11. Nxe4 Re8 12. Nexc5 Rxe2+ 13. Kxe2 Ke7
14. Re1 Kf8 15. Kf1 Bf5 16. Rb1 Rd8 17. b3 Qf6 18. Kg1 Qg5 19. Nb7 Rd4 20. Ba3+
1-0

[Event "X Open Primavera"]
[Site "Robecchetto con Induno ITA"]
[Date "2013.04.11"]
[Round "2"]
[White "Barrera, Pietro"]
[Black "Loaldi, Davide"]
[WhiteElo "1902"]
[BlackElo "1560"]
[Result "1/2-1/2"]
[PlyCount "68"]
[EventDate "2013.04.04"]

1. d4 g6 2. Nf3 Bg7 3. e4 d6 4. Bd3 Nd7 5. c3 b6 6. Be3 e6 7. O-O Ne7 8. Nbd2
Bb7 9. Ne1 O-O 10. f4 f5 11. Nef3 Nf6 12. Qb3 d5 13. exf5 exf5 14. Ng5 Bc8 15.
Rae1 h6 16. Ngf3 Kh7 17. Ne5 Bb7 18. Ndf3 Nc6 19. Nxc6 Bxc6 20. Ne5 Qd6 21. Qc2
Ne4 22. Rf3 Bxe5 23. fxe5 Qe6 24. Ref1 Rh8 25. Rh3 Kg7 26. b3 g5 27. Bxe4 dxe4
28. Rg3 Kh7 29. Rh3 f4 30. Bc1 Kg7 31. c4 Qe7 32. d5 Qc5+ 33. Kh1 Bxd5 34. Bxf4
gxf4 1/2-1/2

[Event "X Open Primavera"]
[Site "Robecchetto con Induno ITA"]
[Date "2013.04.11"]
[Round "2"]
[White "Bianchi, Alberto"]
[Black "Redamante, Marzio"]
[WhiteElo "1964"]
[BlackElo "1545"]
[Result "1-0"]
[PlyCount "73"]
[EventDate "2013.04.04"]

1. e4 c5 2. Nf3 g6 3. Nc3 Bg7 4. d4 cxd4 5. Nxd4 a6 6. Be3 d6 7. Bc4 Qc7 8. Bb3
Nf6 9. f3 O-O 10. Qd2 Rd8 11. O-O-O Nbd7 12. g4 Nc5 13. h4 Nxb3+ 14. axb3 b5
15. Nde2 Bb7 16. Nf4 Qa5 17. Kb1 e6 18. Qf2 b4 19. Bb6 Qe5 20. Nd3 Nxe4 21.
fxe4 Qf6 22. Qxf6 Bxf6 23. Bxd8 Rxd8 24. Nxb4 Bxc3 25. bxc3 Bxe4 26. Rhg1 a5
27. Nd3 Rc8 28. Kb2 Rb8 29. Ra1 a4 30. Rxa4 Bf3 31. g5 d5 32. Ra7 Be4 33. Ne5
Rf8 34. Nd7 Rd8 35. Nf6+ Kg7 36. Rga1 Bf5 37. Ra8 1-0

[Event "X Open Primavera"]
[Site "Robecchetto con Induno ITA"]
[Date "2013.04.11"]
[Round "2"]
[White "Colombo, Maurizio"]
[Black "Zanin, Fabio"]
[WhiteElo "1769"]
[BlackElo "1404"]
[Result "1-0"]
[PlyCount "133"]
[EventDate "2013.04.04"]

1. d4 d5 2. c4 c6 3. Nf3 Nf6 4. Nc3 Bf5 5. cxd5 Nxd5 6. Nxd5 Qxd5 7. e3 c5 8.
Qa4+ Bd7 9. Bb5 cxd4 10. Bxd7+ Nxd7 11. exd4 g6 12. O-O Bg7 13. Re1 e6 14. Ne5
b5 15. Qb4 Nxe5 16. dxe5 Bxe5 17. Be3 Bd6 18. Qc3 O-O 19. Bh6 f6 20. Bxf8 Rxf8
21. Rad1 Be5 22. Rxd5 Bxc3 23. Rxe6 Bxb2 24. Rxb5 Rc8 25. Re1 Bd4 26. Rd5 Bb6
27. Rd7 Kf8 28. Rde7 Ba5 29. g3 Bxe1 30. Rxe1 Rc2 31. Ra1 Ke7 32. a4 Kd7 33.
Ra3 Kc7 34. Re3 Kb6 35. h4 f5 36. Re5 Rc5 37. Re7 h5 38. Re6+ Rc6 39. Re5 a6
40. Kg2 Kc7 41. Kf3 Kd6 42. Ra5 Ke6 43. Ke3 Kf6 44. Kd4 Rb6 45. Kc4 g5 46. f4
gxh4 47. gxh4 Re6 48. Kd5 Rb6 49. Rc5 Ke7 50. Ke5 Rg6 51. Kxf5 Rg4 52. Ra5 Rxh4
53. Rxa6 Rh1 54. a5 h4 55. Kg4 h3 56. Kg3 Rf1 57. Rh6 Ra1 58. a6 Ra3+ 59. Kh2
Ra2+ 60. Kxh3 Ra1 61. Kg4 Rg1+ 62. Kf5 Ra1 63. Rh7+ Kf8 64. a7 Kg8 65. Rb7 Ra5+
66. Kg4 Kf8 67. Rb8+ 1-0

[Event "X Open Primavera"]
[Site "Robecchetto con Induno ITA"]
[Date "2013.04.11"]
[Round "2"]
[White "Giusti, Francesco"]
[Black "Rossi, Enrico"]
[WhiteElo "1559"]
[BlackElo "1486"]
[Result "1-0"]
[PlyCount "83"]
[EventDate "2013.04.04"]

1. e4 e5 2. Nf3 Nc6 3. Bb5 Nf6 4. Nc3 d6 5. Bxc6+ bxc6 6. d3 Bg4 7. O-O Rb8 8.
Bg5 Rxb2 9. Rb1 Qb8 10. Bxf6 gxf6 11. Qc1 Rxb1 12. Qxb1 Qb6 13. Nh4 Bg7 14.
Qxb6 cxb6 15. Rb1 O-O 16. f3 Be6 17. g4 Bh6 18. Ne2 Kh8 19. Ng3 Rg8 20. Nhf5
Bf8 21. h4 d5 22. a4 h5 23. Nxh5 Bxf5 24. exf5 e4 25. Kf2 Bc5+ 26. Ke2 e3 27.
Nxf6 Rb8 28. Nd7 Re8 29. Nxc5 bxc5 30. Rb7 c4 31. d4 Kg7 32. Rxa7 Rb8 33. Kxe3
Rb2 34. Kd2 Ra2 35. g5 Kg8 36. h5 Ra3 37. Ra8+ Kh7 38. g6+ fxg6 39. hxg6+ Kg7
40. Ra7+ Kg8 41. f6 Rxf3 42. Ra8# 1-0

[Event "X Open Primavera"]
[Site "Robecchetto con Induno ITA"]
[Date "2013.04.11"]
[Round "2"]
[White "Koureas, Panicos"]
[Black "Libutti, Michele"]
[WhiteElo "1421"]
[BlackElo "1717"]
[Result "0-1"]
[PlyCount "146"]
[EventDate "2013.04.04"]

1. e4 c6 2. d4 d5 3. exd5 cxd5 4. Bd3 Nf6 5. Bf4 Nc6 6. c3 Bg4 7. Qc2 e6 8. h3
Bh5 9. Ne2 Bxe2 10. Qxe2 Bd6 11. Bg3 O-O 12. O-O Re8 13. f4 Ne7 14. Qc2 g6 15.
Bh4 Nf5 16. Qf2 Nxh4 17. Qxh4 Nh5 18. Qg4 Nf6 19. Qe2 Nh5 20. Qg4 f5 21. Qg5
Kg7 22. Qxd8 Raxd8 23. Bb5 Re7 24. Nd2 Bxf4 25. Nf3 Ng3 26. Rfe1 Ne4 27. Bd3
Kf6 28. Rad1 g5 29. Bxe4 dxe4 30. Nh2 h5 31. Nf1 g4 32. h4 g3 33. Ne3 Bxe3+ 34.
Rxe3 Rg7 35. c4 Rg4 36. d5 Ke5 37. Rb3 b6 38. Kf1 exd5 39. cxd5 Rxd5 40. Ke2
Rxd1 41. Kxd1 Rxh4 42. Ke2 f4 43. Rb5+ Kd4 44. Rb4+ Kd5 45. Rb5+ Kc4 46. Rb3
Rg4 47. Rc3+ Kd4 48. Rc7 a5 49. Rd7+ Ke5 50. Re7+ Kd5 51. Rd7+ Kc4 52. Rc7+ Kb4
53. Rc3 a4 54. a3+ Kb5 55. Kf1 f3 56. gxf3 exf3 57. Rxf3 g2+ 58. Kg1 h4 59.
Rf5+ Kc4 60. Rf2 h3 61. Rc2+ Kb5 62. Rc1 h2+ 63. Kxh2 g1=Q+ 64. Rxg1 Rxg1 65.
Kxg1 Kc4 66. Kf2 Kb3 67. Ke3 Kxb2 68. Kd2 b5 69. Kd3 Kxa3 70. Kc2 b4 71. Kb1
Kb3 72. Ka1 Kc2 73. Ka2 b3+ 0-1

[Event "X Open Primavera"]
[Site "Robecchetto con Induno ITA"]
[Date "2013.04.11"]
[Round "2"]
[White "Macchiettini, Pierangelo"]
[Black "Marchesotti, Giovanni"]
[WhiteElo "1706"]
[BlackElo "1540"]
[Result "1/2-1/2"]
[PlyCount "45"]
[EventDate "2013.04.04"]

1. d4 Nf6 2. c4 e6 3. a3 d5 4. Nf3 Be7 5. Nc3 O-O 6. e3 c5 7. cxd5 cxd4 8. Nxd4
Nxd5 9. Bd2 Nxc3 10. Bxc3 Bd7 11. Qb3 Nc6 12. Nf3 Na5 13. Qa2 Ba4 14. b4 Rc8
15. Qb2 Nc4 16. Bxc4 Rxc4 17. O-O f6 18. Rac1 Qd7 19. Bd4 Rfc8 20. Rxc4 Rxc4
21. Rc1 Rxc1+ 22. Qxc1 a6 23. Bb2 1/2-1/2

[Event "X Open Primavera"]
[Site "Robecchetto con Induno ITA"]
[Date "2013.04.11"]
[Round "2"]
[White "Minore, Antonino"]
[Black "Santarelli, Sabatino"]
[WhiteElo "1286"]
[BlackElo "1621"]
[Result "0-1"]
[PlyCount "110"]
[EventDate "2013.04.04"]

1. e4 c5 2. Nf3 Nc6 3. Bc4 e6 4. d4 Na5 5. Bf1 cxd4 6. Bd3 Nc6 7. O-O e5 8. Bc4
Be7 9. Na3 d6 10. Re1 Nf6 11. Ng5 O-O 12. f4 h6 13. fxe5 dxe5 14. Nf3 a6 15.
Rf1 Nxe4 16. Bxf7+ Rxf7 17. Nc4 Bg4 18. Qd3 Bxf3 19. Bxh6 gxh6 20. Rxf3 Rxf3
21. Qxf3 Ng5 22. Qg4 Qc8 23. Qg3 Qe6 24. Nd2 Kh8 25. Rf1 Rf8 26. Rd1 Bb4 27.
Rf1 Rxf1+ 28. Nxf1 Qf5 29. h4 Ne4 30. Qd3 Be1 31. Kh2 Qf4+ 32. g3 Qg4 33. Kg2
Nf2 34. Qa3 Qe4+ 35. Qf3 Qxf3+ 36. Kxf3 d3 37. cxd3 Nd4+ 38. Kg2 Nxd3 39. b3
Bd2 40. Nxd2 b5 41. g4 Kg7 42. Kg3 a5 43. Ne4 Nc1 44. a4 Ncxb3 45. axb5 Nxb5
46. g5 hxg5 47. h5 a4 48. Kg4 a3 49. Kxg5 a2 50. h6+ Kh8 51. Kg6 a1=Q 52. Ng5
Nd6 53. h7 e4 54. Nf7+ Nxf7 55. Kxf7 Qg7+ 0-1

[Event "X Open Primavera"]
[Site "Robecchetto con Induno ITA"]
[Date "2013.04.11"]
[Round "2"]
[White "Ongaro, Andrea"]
[Black "Buonasorte, Roberto"]
[WhiteElo "1719"]
[BlackElo "1452"]
[Result "1-0"]
[PlyCount "23"]
[EventDate "2013.04.04"]

1. e4 e6 2. d4 d5 3. exd5 exd5 4. c4 Nf6 5. Nc3 Be7 6. Bd3 c5 7. Nge2 Nc6 8.
cxd5 Nxd5 9. dxc5 Bxc5 10. O-O O-O 11. Nxd5 Qxd5 12. Bxh7+ 1-0

[Event "X Open Primavera"]
[Site "Robecchetto con Induno ITA"]
[Date "2013.04.11"]
[Round "2"]
[White "Puricelli, Roberto"]
[Black "Nava, Mario"]
[WhiteElo "1551"]
[BlackElo "1265"]
[Result "1-0"]
[PlyCount "95"]
[EventDate "2013.04.04"]

1. e4 c5 2. Nf3 e6 3. d4 cxd4 4. Nxd4 Nf6 5. Bd3 Nc6 6. Nxc6 bxc6 7. Bg5 Qa5+
8. Bd2 Qb6 9. Qc1 Bc5 10. O-O Ng4 11. Be1 Bd6 12. g3 Qd8 13. Nc3 h5 14. h4 Be5
15. Rb1 a6 16. Bd2 Bd4 17. Nd1 Bf6 18. Bg5 Ne5 19. Kg2 Bb7 20. Qf4 Ng6 21. Qd2
Qc7 22. Bxf6 gxf6 23. f4 O-O-O 24. Qe2 Rdg8 25. Kh3 Kb8 26. Bxa6 Nxf4+ 27. Rxf4
Qb6 28. Bxb7 Rxg3+ 29. Kxg3 Qg1+ 30. Kf3 Rg8 31. Qf2 Qh1+ 32. Ke3 Kxb7 33. Nc3
Qh3+ 34. Rf3 Qg4 35. Kd3 f5 36. a4 d5 37. exf5 Qc4+ 38. Kd2 Rg4 39. fxe6 Rd4+
40. Rd3 Rf4 41. Qe2 fxe6 42. Rf1 Rxh4 43. Qxe6 Rh2+ 44. Kc1 Ka6 45. Qc8+ Ka5
46. Qc7+ Kb4 47. Qb6+ Qb5 48. Rd4# 1-0

[Event "X Open Primavera"]
[Site "Robecchetto con Induno ITA"]
[Date "2013.04.11"]
[Round "2"]
[White "Ragoso, Mario"]
[Black "Pogliano, Stefano"]
[WhiteElo "1650"]
[BlackElo "1988"]
[Result "0-1"]
[PlyCount "64"]
[EventDate "2013.04.04"]

1. d4 Nf6 2. c4 c5 3. dxc5 e6 4. Nf3 Bxc5 5. Nc3 O-O 6. e3 Nc6 7. Be2 b6 8. O-O
Bb7 9. a3 a5 10. Qc2 Ne7 11. Rd1 Rb8 12. Rb1 Nc8 13. Ng5 h6 14. Nge4 Nxe4 15.
Nxe4 Be7 16. b4 f5 17. Nc3 Nd6 18. c5 bxc5 19. bxc5 Ne4 20. Nxe4 Bxe4 21. Rxb8
Bxc2 22. Rxd8 Rxd8 23. Rd2 Ba4 24. Rd4 Bc6 25. Bc4 Rb8 26. Ba2 Bxc5 27. Bxe6+
dxe6 28. Rc4 Rb5 29. a4 Bd5 30. axb5 Bxc4 31. f3 a4 32. g3 Bxb5 0-1

[Event "X Open Primavera"]
[Site "Robecchetto con Induno ITA"]
[Date "2013.04.11"]
[Round "2"]
[White "Rossi, Emanuele"]
[Black "Moroni, Luca"]
[WhiteElo "1559"]
[BlackElo "1859"]
[Result "0-1"]
[PlyCount "84"]
[EventDate "2013.04.04"]

1. e4 c5 2. Nf3 d6 3. Bb5+ Bd7 4. Bxd7+ Nxd7 5. O-O Ngf6 6. Nc3 g6 7. d4 cxd4
8. Nxd4 Bg7 9. Be3 O-O 10. Qc1 Ng4 11. h3 Nxe3 12. fxe3 Nf6 13. Rd1 Qa5 14. Rd3
Rac8 15. Nde2 Qe5 16. Rd4 Rc7 17. Qd2 Rfc8 18. Nf4 Qg5 19. Nfd5 Nxd5 20. Rxd5
Qh4 21. Rf1 Bxc3 22. bxc3 Qxe4 23. Rd4 Qe6 24. e4 Rxc3 25. Qh6 Rxc2 26. e5 dxe5
27. Rh4 f5 28. Qxh7+ Kf8 29. Qh8+ Qg8 30. Qxe5 R2c5 31. Qe3 Qg7 32. Rh6 Kf7 33.
Re1 e5 34. Rd1 R8c7 35. h4 f4 36. Qb3+ Ke7 37. Qd3 Qxh6 38. Qd6+ Kf7 39. Qd8
Qf8 40. Qg5 Rc1 41. Rxc1 Rxc1+ 42. Kh2 Qc5 0-1

[Event "X Open Primavera"]
[Site "Robecchetto con Induno ITA"]
[Date "2013.04.11"]
[Round "2"]
[White "Ruggeri, Igor"]
[Black "Testa, Loris"]
[WhiteElo "1578"]
[BlackElo "1926"]
[Result "0-1"]
[PlyCount "82"]
[EventDate "2013.04.04"]

1. d4 f5 2. c4 g6 3. Nf3 Bg7 4. g3 Nf6 5. Bg2 O-O 6. O-O d5 7. cxd5 Nxd5 8. Qb3
c6 9. Nc3 e6 10. Nxd5 exd5 11. Bf4 Nd7 12. Bg5 Bf6 13. h4 Nb6 14. Bh6 Re8 15.
Rfe1 Nc4 16. Qc2 Qb6 17. b3 Nd6 18. e3 Ne4 19. Nd2 Qb4 20. Nxe4 fxe4 21. Rac1
Qa3 22. Re2 Bg4 23. Rd2 Be7 24. Qb2 Qxb2 25. Rxb2 Ba3 26. Rbc2 Bxc1 27. Rxc1 a5
28. Rf1 a4 29. b4 a3 30. f3 exf3 31. Bxf3 Bxf3 32. Rxf3 Ra4 33. b5 Rb4 34. bxc6
bxc6 35. Rf2 Rb2 36. Kg2 Reb8 37. Bf4 Rxf2+ 38. Kxf2 Rb2+ 39. Kf3 Rxa2 40. Bd6
Ra1 41. Bb4 a2 0-1